History of Medicine (Record no. 213767)

MARC details
000 -LEADER
fixed length control field 00587nam a22001937a 4500
005 - DATE AND TIME OF LATEST TRANSACTION
control field 20251118115530.0
010 ## - LCCN (DPL NO)
LC control number ENG-147093
020 ## - INTERNATIONAL STANDARD BOOK NUMBER
International Standard Book Number 9789357314084
Terms of availability 699.00
035 ## - SYSTEM CONTROL NUMBER
System control number EN-130625
037 ## - SOURCE OF ACQUISITION
Source of stock number/acquisition DBAD
082 ## - DEWEY DECIMAL CLASSIFICATION NUMBER
Classification number 610.8
Edition number 1
100 ## - MAIN ENTRY--PERSONAL NAME
Personal name Verma, Smita
245 ## - TITLE STATEMENT
Title History of Medicine
Statement of responsibility, etc Smita Verma
260 ## - PUBLICATION, DISTRIBUTION, ETC. (IMPRINT)
Place of publication, distribution, etc Gurugram
Name of publisher, distributor, etc Hachette Book Publishing India Pvt.Ltd
Date of publication, distribution, etc 2025
270 ## - ADDRESS
Address 4th &5th Floors ,Corporate Centre, Plot No. 94, Sector 44
City Gurugram
Postal code 122003
300 ## - PHYSICAL DESCRIPTION
Extent xiii,441p.
Dimensions 20cm(Pb)
760 ## - MAIN SERIES ENTRY
Edition 1
942 ## - ADDED ENTRY ELEMENTS (KOHA)
Source of classification or shelving scheme Dewey Decimal Classification
Item type English Books
Classification part 610.8
Call number suffix VER
Edition 1
Holdings
Withdrawn status Lost status Not for loan Collection code Home library Current library Date acquired Source of acquisition Cost, normal purchase price Full call number Barcode Copy number Cost, replacement price Koha item type
      Non-fiction Mobile Library Mobile Library 18/11/2025 DBAD 699.00 610.8 VER EN-130625 1 699.00 English Books

© Delhi Public Library
Hit Counter
free hit counter